LIBRARY & INFORMATION CENTRE, KCAET, TAVANUR

ONLINE PUBLIC ACCESS CATALOGUE (OPAC)

A Text Book of Foods, Nutrition and Dietetics (Record no. 14324)

MARC details
000 -LEADER
fixed length control field 00336nam a22001337a 4500
020 ## - INTERNATIONAL STANDARD BOOK NUMBER
ISBN 9788120737143
082 ## - DEWEY DECIMAL CLASSIFICATION NUMBER
Classification number 664
Item number RAH/TE
100 ## - MAIN ENTRY--AUTHOR NAME
Personal name Raheena Begum
245 ## - TITLE STATEMENT
Title A Text Book of Foods, Nutrition and Dietetics
250 ## - EDITION STATEMENT
Edition statement 3
260 ## - PUBLICATION, DISTRIBUTION, ETC. (IMPRINT)
Place of publication New Delhi
Name of publisher Sterling Publishers Private Limited
Year of publication 2013
300 ## - PHYSICAL DESCRIPTION
Number of Pages 352
942 ## - ADDED ENTRY ELEMENTS (KOHA)
Koha item type Books
Holdings
Withdrawn status Lost status Damaged status Collection code Home library Current library Shelving location Date acquired Source of acquisition Cost, normal purchase price Full call number Accession Number Koha item type
        KAUAET KAUAET General Stacks 16/06/2016 Dream Tech, Trivandrum 275.00 664 RAH/TE 24799 Books
free website counter